00425nam a2200121Ia 4500008004100000024005600041082001900097100006600116245002900182260002500211600003400236650003300270250506s9999 xx 000 0 und d a07B-001-TE, 08B-005-TE, 07A-031-TE & 07A-036-TE a621.388072 FAT aSehrish Fatima, Maria Munawar, Danish Nabeel & Anus Mustanjid 0aMPEG-2 Video Compression aKarachi:bUIT,c2008 aTelecommunication Engineering aBachelor of Engineering (BE)